| 000 | 00511nam a22001697a 4500 | ||
|---|---|---|---|
| 999 |
_c8580 _d8580 |
||
| 008 | 201202b ||||| |||| 00| 0 eng d | ||
| 040 | _aBMS College of Architecture | ||
| 100 | _aNataraj, Kallichanda Thammaiah | ||
| 245 | _aResort in coffee estate Cooge | ||
| 300 | _a52p. | ||
| 500 | _a1BM12AT078 | ||
| 502 |
_8B,Arch _NBMS College of Visvesvaraya Technological University (VTU) _aProject report _d2017 |
||
| 650 | _aNA | ||
| 700 |
_aShanu Raina _eGuide |
||
| 700 |
_aPraveen Alva _eGuide |
||
| 942 |
_2ddc _cTHE |
||